000 01095nam a2200277Ia 4500
003 OSt
005 20221005103547.0
006 a|||||r|||| 00| 0
007 ta
008 221004b |||||||| |||| 00| 0 hin d
020 _a9788177111521
024 _a32452
037 _cTextual
040 _aCRL
_cCRL
_bhin
041 _2hin
_ahin
082 _aO152,1M65,1, P9
100 _aहरिऔध, अयोध्या सिंह उपाध्याय
_9623681
245 0 _aप्रियप्रवास
_b खड़ी बोली का सर्वश्रेष्ठ महाकाव्य
246 _aPriyapravāsa: khaड़ī bolī kā sarvashreṣhṭha mahākāvya
250 _aप्रथम संस्करण
260 _aजयपुर
_bसाहित्यगार भारत
_c2009
300 _a287पृ.
_ccm.
650 _aहिन्दी कहानी
942 _hO152,1M65,1, P9
_cTEXL
_2cc
999 _c1010287
_d1010287